[Event "Niedersachsen-ch op B"]
[Site "Verden"]
[Date "2018.01.06"]
[Round "6"]
[White "Hoke, Joshua Sky"]
[Black "Luecke, Kristina"]
[Result "1-0"]
[WhiteElo "1623"]
[BlackElo "1534"]
[PlyCount "77"]
[EventDate "2018.01.04"]
[EventType "swiss"]
[EventRounds "7"]
[EventCountry "GER"]
[SourceTitle "EXT 2022"]
[Source "ChessBase"]
[SourceDate "2021.10.06"]
[SourceVersion "1"]
[SourceVersionDate "2021.10.06"]
[SourceQuality "1"]

1. e4 c5 2. Nf3 g6 3. d4 cxd4 4. Nxd4 Nc6 5. Be3 Bg7 6. Nc3 Nf6 7. Bc4 0-0 8. 0-0 Nxe4 9. Nxe4 d5 10. Bxd5 Nxd4 11. Bxd4 Qxd5 12. Bxg7 Qxd1 13. Raxd1 Kxg7 14. Rd2 b6 15. Rfd1 Bb7 16. Nc3 Bc6 17. f3 Rac8 18. Kf2 f5 19. Ne2 e5 20. c4 Rc7 21. b3 Rff7 22. Nc3 Rfd7 23. Nd5 Bxd5 24. Rxd5 Re7 25. Ke3 g5 26. g4 f4+ 27. Ke4 Kf6 28. Rd6+ Re6 29. Rd7 Re7 30. R1d6+ Kf7 31. Rxc7 Rxc7 32. Rd5 Re7 33. Rxe5 Rxe5+ 34. Kxe5 Kg6 35. Ke6 h5 36. h3 hxg4 37. hxg4 Kg7 38. Kf5 Kh6 39. Kf6 1-0

[Event "GER-ch U16 Girls"]
[Site "Willingen"]
[Date "2017.06.06"]
[Round "5"]
[White "Luecke, Kristina"]
[Black "Reitz, Theresa"]
[Result "0-1"]
[WhiteElo "1441"]
[BlackElo "1690"]
[PlyCount "106"]
[EventDate "2017.06.04"]
[EventType "swiss"]
[EventRounds "9"]
[EventCountry "GER"]
[SourceTitle "CBM 178 Extra"]
[Source "ChessBase"]
[SourceDate "2017.06.22"]
[SourceVersion "1"]
[SourceVersionDate "2017.06.22"]
[SourceQuality "1"]

1. e4 c5 2. Nf3 e6 3. d4 cxd4 4. Nxd4 a6 5. Bd3 Nf6 6. 0-0 e5 7. Bg5 d6 8. Nf5 Bxf5 9. exf5 Be7 10. Bc4 Nc6 11. a4 Nd4 12. c3 Nxf5 13. Na3 Ne4 14. Bxe7 Nxe7 15. Qf3 f5 16. Rad1 Qc7 17. Qd3 0-0-0 18. Be6+ Kb8 19. Bxf5 Nc5 20. Qc2 Nxf5 21. Qxf5 Nxa4 22. Qc2 Nc5 23. b4 Ne6 24. Qb3 Rhe8 25. Ra1 Rc8 26. c4 Nd4 27. Qa2 Red8 28. Nb5 Qxc4 29. Nxd4 Qxa2 30. Rxa2 exd4 31. Rd1 Rc4 32. Rb2 Rdc8 33. Kf1 R8c6 34. Ke2 d5 35. Rdd2 Rb6 36. Rd3 Rbxb4 37. Rxb4 Rxb4 38. Rg3 g6 39. Rh3 h5 40. Rg3 Rb2+ 41. Ke1 Rb6 42. Rg5 Rd6 43. Kd2 Kc7 44. Kd3 Kc6 45. Kxd4 b5 46. Rg3 a5 47. Rc3+ Kb6 48. Ke5 d4 49. Rc1 Rc6 50. Rd1 b4 51. Rxd4 b3 52. Rd3 Rc5+ 53. Kf6 b2 0-1

[Event "GER-ch U16 Girls"]
[Site "Willingen"]
[Date "2017.06.04"]
[Round "1"]
[White "Luecke, Kristina"]
[Black "Browning, Rebecca"]
[Result "0-1"]
[WhiteElo "1441"]
[BlackElo "1784"]
[PlyCount "46"]
[EventDate "2017.06.04"]
[EventType "swiss"]
[EventRounds "9"]
[EventCountry "GER"]
[SourceTitle "CBM 178 Extra"]
[Source "ChessBase"]
[SourceDate "2017.06.22"]
[SourceVersion "1"]
[SourceVersionDate "2017.06.22"]
[SourceQuality "1"]

1. e4 e6 2. Nf3 d5 3. Nc3 c5 4. Bb5+ Nc6 5. exd5 exd5 6. 0-0 Be7 7. Re1 Be6 8. d4 Nf6 9. dxc5 0-0 10. Bxc6 bxc6 11. Nd4 Bxc5 12. Nxe6 fxe6 13. Rf1 e5 14. Na4 Bd6 15. f3 Qa5 16. c3 e4 17. fxe4 Nxe4 18. Rxf8+ Rxf8 19. Be3 Qc7 20. g3 Bxg3 21. hxg3 Qxg3+ 22. Kh1 Qh3+ 23. Kg1 Qxe3+ 0-1

[Event "Hannover Ihme Cup"]
[Site "Hannover"]
[Date "2017.04.28"]
[Round "1.20"]
[White "Pubantz, Jan"]
[Black "Luecke, Kristina"]
[Result "1-0"]
[WhiteElo "1999"]
[BlackElo "1412"]
[PlyCount "45"]
[EventDate "2017.04.28"]
[EventType "swiss"]
[EventRounds "5"]
[EventCountry "GER"]
[SourceTitle "EXT 2022"]
[Source "ChessBase"]
[SourceDate "2021.10.06"]
[SourceVersion "1"]
[SourceVersionDate "2021.10.06"]
[SourceQuality "1"]

1. d4 Nf6 2. c4 g6 3. Nc3 Bg7 4. e4 d6 5. Be2 0-0 6. Be3 e5 7. Nf3 Nc6 8. d5 Ne7 9. Nd2 Nd7 10. Qc2 f5 11. f3 f4 12. Bf2 Nf6 13. c5 a6 14. 0-0-0 Bd7 15. Kb1 Kh8 16. Rc1 Qb8 17. Nc4 Nc8 18. Na4 Bxa4 19. Qxa4 dxc5 20. Bxc5 b5 21. Qb4 Nd7 22. Na5 Nxc5 23. Qxc5 1-0

[Event "Niedersachsen-ch op-D"]
[Site "Verden"]
[Date "2017.01.05"]
[Round "2"]
[White "Hoke, Adrian Neo"]
[Black "Luecke, Kristina"]
[Result "1/2-1/2"]
[WhiteElo "1186"]
[BlackElo "1416"]
[PlyCount "37"]
[EventDate "2017.01.05"]
[EventType "swiss"]
[EventRounds "7"]
[EventCountry "GER"]
[SourceTitle "CBM 187 Extra"]
[Source "ChessBase"]
[SourceDate "2018.11.04"]
[SourceVersion "1"]
[SourceVersionDate "2018.11.04"]
[SourceQuality "1"]

1. d4 Nf6 2. c4 d6 3. Nf3 g6 4. Bf4 Bg7 5. Nc3 Nbd7 6. e4 0-0 7. Bd3 Re8 8. 0-0 Nh5 9. Be3 e5 10. d5 c6 11. Rc1 Nf4 12. Qd2 cxd5 13. cxd5 Bh6 14. Ne2 Nc5 15. Nxf4 Bxf4 16. Bb1 g5 17. h3 h5 18. Nh2 h4 19. Qe2 1/2-1/2

[Event "Niedersachsen-ch op-B"]
[Site "Verden"]
[Date "2015.01.02"]
[Round "2"]
[White "Zweigait, Leon"]
[Black "Luecke, Kristina"]
[Result "0-1"]
[WhiteElo "857"]
[BlackElo "1204"]
[PlyCount "100"]
[EventDate "2015.01.02"]
[EventType "swiss"]
[EventRounds "7"]
[EventCountry "GER"]
[SourceTitle "EXT 2018"]
[Source "ChessBase"]
[SourceDate "2017.10.13"]
[SourceVersion "1"]
[SourceVersionDate "2017.10.13"]
[SourceQuality "1"]

1. d4 Nf6 2. Bf4 e6 3. Nc3 d5 4. Nf3 Nbd7 5. e3 Bb4 6. Bd3 0-0 7. a3 Bxc3+ 8. bxc3 c5 9. 0-0 Qa5 10. Qd2 c4 11. Be2 Ne4 12. Qe1 Qxc3 13. Ng5 Qxc2 14. f3 Nxg5 15. Bxg5 h6 16. Bf4 Qg6 17. e4 Nb6 18. Qc3 Bd7 19. Bd1 e5 20. Bxe5 Bh3 21. Qc2 c3 22. Rf2 dxe4 23. fxe4 Bg4 24. Bxg4 Qxg4 25. Re1 Rac8 26. Rf3 Nc4 27. Rxc3 Nxa3 28. Qb3 Rxc3 29. Qxc3 Nb5 30. Qf3 Qxf3 31. gxf3 f6 32. Bg3 Nxd4 33. Kf2 Rc8 34. f4 Kf7 35. f5 g6 36. fxg6+ Kxg6 37. Kg2 Rc2+ 38. Kh3 Nf3 39. Rf1 Ng5+ 40. Kh4 Nxe4 41. Re1 Nxg3 42. hxg3 h5 43. Rh1 b5 44. g4 Rc4 45. Rg1 Rxg4+ 46. Rxg4+ hxg4 47. Kg3 b4 48. Kf2 b3 49. Ke2 b2 50. Kd2 b1Q 0-1

[Event "Niedersachsen-ch U12"]
[Site "Rotenburg"]
[Date "2013.03.28"]
[Round "10"]
[White "Luecke, Kristina"]
[Black "Moenster, Madita"]
[Result "0-1"]
[WhiteElo "815"]
[BlackElo "1503"]
[PlyCount "84"]
[EventDate "2013.03.23"]
[EventType "swiss"]
[EventRounds "11"]
[EventCountry "GER"]
[SourceTitle "EXT 2015"]
[Source "ChessBase"]
[SourceDate "2014.11.20"]
[SourceVersion "1"]
[SourceVersionDate "2014.11.20"]
[SourceQuality "1"]

1. e4 e5 2. Nf3 Nc6 3. Bb5 Nf6 4. Nc3 Bb4 5. a3 Ba5 6. 0-0 0-0 7. d3 d6 8. Bxc6 bxc6 9. Bg5 Bxc3 10. bxc3 Re8 11. Re1 Bg4 12. h3 Bh5 13. Rb1 Qe7 14. Qe2 Rab8 15. Qe3 Qe6 16. Nd2 d5 17. Nf1 Bg6 18. Ng3 Rb6 19. Bxf6 Qxf6 20. Qe2 Reb8 21. Rxb6 cxb6 22. Qg4 Qd6 23. Nf5 Bxf5 24. exf5 Re8 25. c4 Qxa3 26. f6 g6 27. Qh4 Qd6 28. g4 dxc4 29. dxc4 a5 30. g5 Rd8 31. Qh6 Qf8 32. Qh4 Rd4 33. Qg3 Rxc4 34. Qxe5 Rc5 35. Qe7 Rxg5+ 36. Kh2 c5 37. Qe8 Rf5 38. Qb5 Qd6+ 39. Kh1 Qd5+ 40. Kh2 Rxf2+ 41. Kg3 Qg2+ 42. Kh4 Rf4# 0-1

[Event "Niedersachsen-ch U18 Girls"]
[Site "Rotenburg"]
[Date "2012.04.02"]
[Round "4"]
[White "Luecke, Kristina"]
[Black "Mueller, Friederike"]
[Result "1-0"]
[WhiteElo "873"]
[BlackElo "869"]
[PlyCount "83"]
[EventDate "2012.03.31"]
[EventType "swiss"]
[EventRounds "9"]
[EventCountry "GER"]
[SourceTitle "EXT 2015"]
[Source "ChessBase"]
[SourceDate "2014.11.20"]
[SourceVersion "1"]
[SourceVersionDate "2014.11.20"]
[SourceQuality "1"]

1. e4 e5 2. Nf3 Nf6 3. Nxe5 Nxe4 4. Qe2 Qe7 5. Qxe4 Nc6 6. d4 d6 7. Bb5 Bd7 8. Bxc6 Bxc6 9. Qe3 dxe5 10. dxe5 0-0-0 11. 0-0 Bxg2 12. Kxg2 Qe6 13. Qe4 Bc5 14. Nc3 Rd4 15. Qe2 Qg4+ 16. Qxg4+ Rxg4+ 17. Kh1 Bd4 18. Be3 Bxc3 19. bxc3 Rd8 20. Rad1 Rd7 21. f3 Rg6 22. Rd2 Rxd2 23. Bxd2 Kd7 24. Rd1 f6 25. Bf4+ Ke6 26. Re1 fxe5 27. Rxe5+ Kd7 28. Rd5+ Ke6 29. Re5+ Kd7 30. Rg5 Rd6 31. Bxd6 Kxd6 32. Rxg7 b5 33. Rxh7 c5 34. Rxa7 b4 35. cxb4 cxb4 36. h4 Kc6 37. a4 Kb6 38. Re7 Ka5 39. h5 Kxa4 40. h6 b3 41. cxb3+ Kxb3 42. h7 1-0